Температурные поля, деформации и температуроустойчивость систем СПИД и металлорежущих станков; Справочник. Инженерный журнал; № 9

Dades bibliogràfiques
Parent link:Справочник. Инженерный журнал: научно-технический и производственный журнал.— , 2000-.— 0203-347X
№ 9.— 2006.— С. 18-22
Autor principal: Алферов В. И.
Idioma:rus
Publicat: 2006
Col·lecció:Конструирование, расчеты
Matèries:
Format: MixedMaterials Capítol de llibre
KOHA link:https://koha.lib.tpu.ru/cgi-bin/koha/opac-detail.pl?biblionumber=403412

MARC

LEADER 00000naa2a2200000 4500
001 403412
005 20231101065914.0
035 |a (RuTPU)RU\TPU\prd\49642 
090 |a 403412 
100 |a 20070315a2006 k y0rusy50 ca 
101 0 |a rus 
102 |a RU 
200 1 |a Температурные поля, деформации и температуроустойчивость систем СПИД и металлорежущих станков  |f В. И. Алферов 
225 1 |a Конструирование, расчеты 
311 |a Продолжение 
461 0 |0 (RuTPU)RU\TPU\prd\1723  |x 0203-347X  |t Справочник. Инженерный журнал  |o научно-технический и производственный журнал  |d 2000- 
463 0 |0 (RuTPU)RU\TPU\prd\48316  |t № 9  |v С. 18-22  |d 2006 
610 1 |a температурные поля 
610 1 |a деформация 
610 1 |a системы СПИД 
610 1 |a металлорежущие станки 
610 1 |a температуроустойчивость 
610 1 |a температурные смещения 
700 1 |a Алферов  |b В. И. 
801 1 |a RU  |b 63413507  |c 20070315  |g PSBO 
801 2 |a RU  |b 63413507  |c 20140117  |g RCR 
942 |c BK